LAB Building a Home for Scientists (Record no. 12009)

000 -LEADER
fixed length control field 00451 a2200181 4500
003 - CONTROL NUMBER IDENTIFIER
control field OSt
005 - DATE AND TIME OF LATEST TRANSACTION
control field 20231117122814.0
008 - FIXED-LENGTH DATA ELEMENTS--GENERAL INFORMATION
fixed length control field 231117b ||||| |||| 00| 0 eng d
020 ## - INTERNATIONAL STANDARD BOOK NUMBER
International Standard Book Number 9783037784976
040 ## - CATALOGING SOURCE
Original cataloging agency BMSCA
041 ## - LANGUAGE CODE
Language code of text/sound track or separate title eng.
082 ## - DEWEY DECIMAL CLASSIFICATION NUMBER
Edition number 23
Classification number 727.5
Item number FIS
100 ## - MAIN ENTRY--PERSONAL NAME
Personal name Fishman, Mark
245 ## - TITLE STATEMENT
Title LAB Building a Home for Scientists
260 ## - PUBLICATION, DISTRIBUTION, ETC. (IMPRINT)
Name of publisher, distributor, etc Lars Muller Publishers;
Date of publication, distribution, etc 2017,
Place of publication, distribution, etc Germany.
300 ## - PHYSICAL DESCRIPTION
Extent 363p.:
Dimensions 24.38 cm.
942 ## - ADDED ENTRY ELEMENTS (KOHA)
Source of classification or shelving scheme
Holdings
Withdrawn status Lost status Source of classification or shelving scheme Damaged status Not for loan Permanent location Current location Date acquired Source of acquisition Cost, normal purchase price Barcode Date last seen Cost, replacement price Price effective from Koha item type
          BMS College of Architecture, Design and Planning BMS College of Architecture, Design and Planning 2023-11-16 10 2932.65 AR-PG655 2023-11-16 4189.50 2023-11-16 PG Books
Copyright © 2025, The Librarian, Library and Information Centre, BMSCA D&P, Bengaluru. All Rights Reserved
web counter

Powered by Koha